[Event "ABC-4 2025 Groep B"]
[Site "Utrecht"]
[Date "2025.03.15"]
[Round "3.6"]
[White "Van Haaften, Jelle"]
[Black "Lopes, Samuel"]
[Result "1-0"]
[WhiteFideId "8687283"]
[BlackFideId "8763414"]
[WhiteElo "1843"]
[BlackElo "2017"]

1. c4 {[%clk 00:55:17]} {[%emt 00:00:02]} e6 {[%clk 00:55:15]} {[%emt
00:00:06]} 2. e4 {[%clk 00:55:21]} {[%emt 00:00:06]} c5 {[%clk 00:54:50]}
{[%emt 00:00:35]} 3. Nc3 {[%clk 00:55:23]} {[%emt 00:00:07]} Nc6 {[%clk
00:54:50]} {[%emt 00:00:11]} 4. g3 {[%clk 00:55:27]} {[%emt 00:00:05]} Nd4
{[%clk 00:54:41]} {[%emt 00:00:21]} 5. Bg2 {[%clk 00:55:21]} {[%emt 00:00:14]}
Ne7 {[%clk 00:54:41]} {[%emt 00:00:12]} 6. Nge2 {[%clk 00:54:59]} {[%emt
00:00:32]} Nec6 {[%clk 00:54:40]} {[%emt 00:00:11]} 7. O-O {[%clk 00:54:54]}
{[%emt 00:00:14]} g6 {[%clk 00:54:17]} {[%emt 00:00:33]} 8. d3 {[%clk
00:54:54]} {[%emt 00:00:08]} Bg7 {[%clk 00:54:18]} {[%emt 00:00:11]} 9. Be3
{[%clk 00:53:17]} {[%emt 00:01:46]} O-O {[%clk 00:53:41]} {[%emt 00:00:48]} 10.
Qd2 {[%clk 00:53:17]} {[%emt 00:00:08]} f5 {[%clk 00:47:33]} {[%emt 00:06:20]}
11. Bh6 {[%clk 00:41:48]} {[%emt 00:11:38]} Ne5 {[%clk 00:44:29]} {[%emt
00:03:15]} 12. Nxd4 {[%clk 00:38:55]} {[%emt 00:03:03]} cxd4 {[%clk 00:44:35]}
{[%emt 00:00:04]} 13. Bxg7 {[%clk 00:38:38]} {[%emt 00:00:26]} Kxg7 {[%clk
00:43:08]} {[%emt 00:01:38]} 14. f4 {[%clk 00:36:04]} {[%emt 00:02:44]} Ng4
{[%clk 00:40:52]} {[%emt 00:02:26]} 15. Nb5 {[%clk 00:33:35]} {[%emt 00:02:40]}
Qb6 {[%clk 00:39:09]} {[%emt 00:01:53]} 16. a4 {[%clk 00:33:26]} {[%emt
00:00:19]} a5 {[%clk 00:37:07]} {[%emt 00:02:12]} 17. Rac1 {[%clk 00:32:52]}
{[%emt 00:00:44]} d6 {[%clk 00:36:43]} {[%emt 00:00:34]} 18. e5 {[%clk
00:29:10]} {[%emt 00:03:51]} dxe5 {[%clk 00:35:57]} {[%emt 00:00:56]} 19. c5
{[%clk 00:29:12]} {[%emt 00:00:09]} Qd8 {[%clk 00:35:11]} {[%emt 00:00:56]} 20.
c6 {[%clk 00:26:06]} {[%emt 00:03:16]} Rf7 {[%clk 00:32:19]} {[%emt 00:03:02]}
21. c7 {[%clk 00:22:26]} {[%emt 00:03:50]} Qf8 {[%clk 00:31:16]} {[%emt
00:01:13]} 22. fxe5 {[%clk 00:20:49]} {[%emt 00:01:47]} Nxe5 {[%clk 00:28:43]}
{[%emt 00:02:43]} 23. Qf4 {[%clk 00:20:33]} {[%emt 00:00:25]} Ng4 {[%clk
00:25:28]} {[%emt 00:03:26]} 24. Qxd4+ {[%clk 00:18:46]} {[%emt 00:01:56]} e5
{[%clk 00:25:13]} {[%emt 00:00:27]} 25. Qc3 {[%clk 00:16:44]} {[%emt 00:02:12]}
Rf6 {[%clk 00:22:44]} {[%emt 00:02:39]} 26. Rfe1 {[%clk 00:14:52]} {[%emt
00:02:02]} f4 {[%clk 00:20:17]} {[%emt 00:02:37]} 27. gxf4 {[%clk 00:13:33]}
{[%emt 00:01:28]} exf4 {[%clk 00:19:55]} {[%emt 00:00:32]} 28. Rf1 {[%clk
00:13:21]} {[%emt 00:00:21]} g5 {[%clk 00:18:19]} {[%emt 00:01:47]} 29. Qc5
{[%clk 00:13:09]} {[%emt 00:00:21]} Ne3 {[%clk 00:16:12]} {[%emt 00:02:18]} 30.
Qxf8+ {[%clk 00:09:07]} {[%emt 00:04:12]} Kxf8 {[%clk 00:15:50]} {[%emt
00:00:33]} 31. Rfe1 {[%emt 00:05:50]} h5 {[%clk 00:13:45]} 32. Rc5 {[%clk
00:04:44]} {[%emt 00:01:08]} g4 {[%clk 00:05:51]} {[%emt 00:08:04]} 33. Rxh5
{[%clk 00:03:55]} {[%emt 00:00:59]} Kg7 {[%clk 00:05:01]} {[%emt 00:01:01]} 34.
Be4 {[%clk 00:02:19]} {[%emt 00:01:46]} Bf5 {[%clk 00:04:07]} {[%emt 00:01:04]}
35. Bxb7 {[%clk 00:02:01]} {[%emt 00:00:28]} Re8 {[%clk 00:03:56]} {[%emt
00:00:20]} 36. Rxf5 {[%clk 00:01:21]} {[%emt 00:00:51]} Rxf5 {[%clk 00:03:16]}
{[%emt 00:00:49]} 37. c8=Q {[%clk 00:01:26]} {[%emt 00:00:06]} Rxc8 {[%clk
00:03:18]} {[%emt 00:00:08]} 38. Bxc8 {[%clk 00:01:34]} {[%emt 00:00:02]} Rf6
{[%clk 00:03:12]} {[%emt 00:00:16]} 39. Bd7 {[%clk 00:00:37]} {[%emt 00:01:07]}
Rf7 {[%clk 00:02:55]} {[%emt 00:00:27]} 40. Bc6 {[%clk 00:00:43]} {[%emt
00:00:05]} Rf6 {[%clk 00:03:00]} {[%emt 00:00:04]} 41. Be4 {[%clk 00:00:50]}
{[%emt 00:00:03]} Rf8 {[%clk 00:02:47]} {[%emt 00:00:23]} 42. Nd4 {[%clk
00:00:36]} {[%emt 00:00:24]} Kf6 {[%clk 00:02:45]} {[%emt 00:00:13]} 43. Nc6
{[%clk 00:00:34]} {[%emt 00:00:12]} Rg8 {[%clk 00:02:33]} {[%emt 00:00:22]} 44.
Kf2 {[%clk 00:00:27]} {[%emt 00:00:17]} Rh8 {[%clk 00:02:37]} {[%emt 00:00:05]}
45. Kg1 {[%clk 00:00:26]} {[%emt 00:00:11]} Rg8 {[%clk 00:02:45]} {[%emt
00:00:02]} 46. Nxa5 {[%clk 00:00:29]} {[%emt 00:00:08]} g3 {[%clk 00:02:47]}
{[%emt 00:00:08]} 47. h3 {[%clk 00:00:19]} {[%emt 00:00:20]} g2 {[%clk
00:02:30]} {[%emt 00:00:27]} 48. Nc4 {[%clk 00:00:23]} {[%emt 00:00:06]} Nc2
{[%clk 00:01:20]} {[%emt 00:01:20]} 49. Re2 {[%clk 00:00:25]} {[%emt 00:00:08]}
Nd4 {[%clk 00:01:05]} {[%emt 00:00:24]} 50. Rxg2 {[%clk 00:00:28]} {[%emt
00:00:07]} Ne2+ {[%clk 00:01:07]} {[%emt 00:00:09]} 51. Kf2 {[%clk 00:00:36]}
{[%emt 00:00:01]} Ng3 {[%clk 00:01:13]} {[%emt 00:00:03]} 52. Kf3 {[%clk
00:00:21]} {[%emt 00:00:25]} Kg5 {[%clk 00:01:08]} {[%emt 00:00:15]} 53. h4+
{[%clk 00:00:30]} {[%emt 00:00:01]} Kxh4 {[%clk 00:01:12]} {[%emt 00:00:06]} 54.
Kxf4 {[%clk 00:00:39]} {[%emt 00:00:01]} Rf8+ {[%clk 00:00:54]} {[%emt
00:00:29]} 55. Ke5 {[%clk 00:00:25]} {[%emt 00:00:23]} Nf1 {[%clk 00:01:00]}
{[%emt 00:00:04]} 56. a5 {[%clk 00:00:23]} {[%emt 00:00:12]} Kh3 {[%clk
00:00:55]} {[%emt 00:00:14]} 57. a6 {[%clk 00:00:30]} {[%emt 00:00:04]} Ng3
{[%clk 00:00:54]} {[%emt 00:00:12]} 58. Rxg3+ {[%clk 00:00:35]} {[%emt
00:00:05]} Kxg3 {[%clk 00:01:01]} {[%emt 00:00:02]} 59. a7 {[%clk 00:00:44]}
Re8+ {[%clk 00:01:07]} {[%emt 00:00:05]} 60. Kd4 {[%clk 00:00:49]} {[%emt
00:00:05]} Rd8+ {[%clk 00:01:11]} {[%emt 00:00:05]} 61. Kc3 {[%clk 00:00:58]}
{[%emt 00:00:01]} 1-0

[Event "ABC-4 2025 Groep B"]
[Site "Utrecht"]
[Date "2025.03.15"]
[Round "3.7"]
[White "Ten Kate, Gustav"]
[Black "Haque, Nishaaz"]
[Result "1/2-1/2"]
[WhiteFideId "8873337"]
[BlackFideId "8874591"]
[WhiteElo "2092"]
[BlackElo "1874"]

1. d4 {[%clk 00:55:19]} {[%emt 00:00:01]} d5 {[%clk 00:55:18]} {[%emt
00:00:03]} 2. c4 {[%clk 00:55:24]} {[%emt 00:00:04]} e6 {[%clk 00:55:26]}
{[%emt 00:00:02]} 3. g3 {[%clk 00:55:29]} {[%emt 00:00:04]} dxc4 {[%clk
00:55:28]} {[%emt 00:00:07]} 4. Bg2 {[%clk 00:55:14]} {[%emt 00:00:25]} c5
{[%clk 00:55:34]} {[%emt 00:00:06]} 5. Nf3 {[%clk 00:53:59]} {[%emt 00:01:24]}
Nc6 {[%clk 00:55:38]} {[%emt 00:00:06]} 6. Be3 {[%clk 00:51:29]} {[%emt
00:02:40]} Nf6 {[%clk 00:53:22]} {[%emt 00:02:26]} 7. Nc3 {[%clk 00:48:50]}
{[%emt 00:02:49]} Ng4 {[%clk 00:51:33]} {[%emt 00:01:59]} 8. O-O {[%clk
00:43:21]} {[%emt 00:05:38]} Be7 {[%clk 00:48:30]} {[%emt 00:03:14]} 9. Qa4
{[%clk 00:38:50]} {[%emt 00:04:41]} Nxe3 {[%clk 00:43:56]} {[%emt 00:04:44]} 10.
fxe3 {[%clk 00:38:58]} {[%emt 00:00:02]} O-O {[%clk 00:43:35]} {[%emt
00:00:30]} 11. Qxc4 {[%clk 00:38:04]} {[%emt 00:01:04]} Na5 {[%clk 00:32:23]}
{[%emt 00:11:23]} 12. Qd3 {[%clk 00:37:03]} {[%emt 00:01:10]} Rb8 {[%clk
00:27:25]} {[%emt 00:05:08]} 13. Rad1 {[%clk 00:30:29]} {[%emt 00:06:45]} b6
{[%clk 00:23:09]} {[%emt 00:04:27]} 14. Nd2 {[%clk 00:20:29]} {[%emt 00:10:10]}
c4 {[%clk 00:19:42]} {[%emt 00:03:37]} 15. Qe4 {[%clk 00:15:38]} {[%emt
00:05:01]} Bb7 {[%clk 00:16:48]} {[%emt 00:03:04]} 16. Qf4 {[%clk 00:15:38]}
{[%emt 00:00:09]} Bg5 {[%clk 00:16:07]} {[%emt 00:00:51]} 17. Qf2 {[%clk
00:15:35]} {[%emt 00:00:14]} b5 {[%clk 00:13:24]} {[%emt 00:02:53]} 18. Bxb7
{[%clk 00:15:39]} {[%emt 00:00:06]} Rxb7 {[%clk 00:13:17]} {[%emt 00:00:17]} 19.
Nce4 {[%clk 00:13:48]} {[%emt 00:02:00]} Be7 {[%clk 00:12:45]} {[%emt
00:00:41]} 20. Rc1 {[%clk 00:11:56]} {[%emt 00:02:02]} Qd5 {[%clk 00:09:20]}
{[%emt 00:03:35]} 21. Nc3 {[%clk 00:11:50]} {[%emt 00:00:16]} Qh5 {[%clk
00:09:17]} {[%emt 00:00:13]} 22. e4 {[%clk 00:10:15]} {[%emt 00:01:46]} Bg5
{[%clk 00:08:31]} {[%emt 00:00:56]} 23. e3 {[%clk 00:09:42]} {[%emt 00:00:43]}
Qh6 {[%clk 00:08:10]} {[%emt 00:00:31]} 24. Nd1 {[%clk 00:09:42]} {[%emt
00:00:10]} Nc6 {[%clk 00:06:26]} {[%emt 00:01:54]} 25. e5 {[%clk 00:09:06]}
{[%emt 00:00:45]} Nxd4 {[%clk 00:05:47]} {[%emt 00:00:49]} 26. exd4 {[%clk
00:09:11]} {[%emt 00:00:05]} Bxd2 {[%clk 00:05:53]} {[%emt 00:00:05]} 27. Rc2
{[%clk 00:09:05]} {[%emt 00:00:16]} Ba5 {[%clk 00:05:44]} {[%emt 00:00:20]} 28.
Qf3 {[%clk 00:08:57]} {[%emt 00:00:17]} Rc7 {[%clk 00:05:06]} {[%emt 00:00:49]}
29. Nc3 {[%clk 00:07:58]} {[%emt 00:01:09]} a6 {[%clk 00:04:03]} {[%emt
00:01:13]} 30. Ne4 {[%clk 00:07:23]} {[%emt 00:00:45]} Bb6 {[%clk 00:03:28]}
{[%emt 00:00:44]} 31. Rd1 {[%clk 00:07:30]} {[%emt 00:00:04]} Qg6 {[%clk
00:03:09]} {[%emt 00:00:28]} 32. Rcd2 {[%clk 00:07:22]} {[%emt 00:00:18]} Qf5
{[%clk 00:02:18]} {[%emt 00:00:57]} 33. Kg2 {[%clk 00:06:42]} {[%emt 00:00:54]}
Rd7 {[%clk 00:01:24]} {[%emt 00:01:04]} 34. Qxf5 {[%clk 00:05:39]} {[%emt
00:01:13]} exf5 {[%clk 00:01:33]} {[%emt 00:00:01]} 35. Nd6 {[%clk 00:04:48]}
{[%emt 00:01:01]} g6 {[%clk 00:01:42]} {[%emt 00:00:02]} 36. a4 {[%clk
00:03:33]} {[%emt 00:01:24]} Ba5 {[%clk 00:00:58]} {[%emt 00:00:54]} 37. Re2
{[%clk 00:03:07]} {[%emt 00:00:36]} Rb8 {[%clk 00:00:45]} {[%emt 00:00:24]} 38.
axb5 {[%clk 00:02:48]} {[%emt 00:00:29]} axb5 {[%clk 00:00:53]} {[%emt
00:00:01]} 39. Ra1 {[%clk 00:02:51]} {[%emt 00:00:07]} Bb4 {[%clk 00:01:02]}
{[%emt 00:00:01]} 40. Ra6 {[%clk 00:02:46]} {[%emt 00:00:15]} Bxd6 {[%clk
00:01:11]} {[%emt 00:00:01]} 41. exd6 {[%clk 00:02:48]} {[%emt 00:00:09]} Rbd8
{[%clk 00:01:08]} {[%emt 00:00:13]} 42. Rb6 {[%clk 00:01:06]} {[%emt 00:01:52]}
Rxd6 {[%clk 00:01:13]} {[%emt 00:00:05]} 43. Rxb5 {[%clk 00:01:15]} Rxd4 {[%clk
00:01:22]} {[%emt 00:00:01]} 44. Rc5 {[%clk 00:00:34]} {[%emt 00:00:52]} Rb8
{[%clk 00:00:48]} {[%emt 00:00:44]} 45. Rc7 {[%clk 00:00:21]} {[%emt 00:00:23]}
Re4 {[%clk 00:00:37]} {[%emt 00:00:20]} 46. Rd2 {[%clk 00:00:22]} {[%emt
00:00:10]} Rbe8 {[%clk 00:00:26]} {[%emt 00:00:21]} 47. Rdd7 {[%clk 00:00:21]}
{[%emt 00:00:11]} Rf8 {[%clk 00:00:25]} {[%emt 00:00:11]} 48. Kf3 {[%clk
00:00:24]} {[%emt 00:00:06]} Kg7 {[%clk 00:00:24]} {[%emt 00:00:11]} 49. h4
{[%clk 00:00:31]} {[%emt 00:00:04]} Kf6 {[%clk 00:00:27]} {[%emt 00:00:04]} 50.
Rd6+ {[%clk 00:00:31]} {[%emt 00:00:12]} Ke5 {[%clk 00:00:26]} {[%emt
00:00:08]} 51. Rdd7 {[%clk 00:00:14]} {[%emt 00:00:30]} Ke6 {[%clk 00:00:35]}
{[%emt 00:00:01]} 52. Rb7 {[%clk 00:00:20]} {[%emt 00:00:05]} h5 {[%clk
00:00:19]} {[%emt 00:00:26]} 53. Re7+ {[%clk 00:00:29]} {[%emt 00:00:01]} Kf6
{[%clk 00:00:22]} {[%emt 00:00:33]} 1/2-1/2

[Event "ABC-4 2025 Groep B"]
[Site "Utrecht"]
[Date "2025.03.15"]
[Round "3.8"]
[White "Kimenai, Casper"]
[Black "Woldhuis, Marnik"]
[Result "0-1"]
[WhiteFideId "8788142"]
[BlackFideId "8820218"]
[WhiteElo "1731"]
[BlackElo "1961"]

1. d4 {[%clk 00:55:19]} d5 {[%clk 00:55:15]} {[%emt 00:00:05]} 2. Nf3 {[%clk
00:55:24]} {[%emt 00:00:05]} Nf6 {[%clk 00:55:21]} {[%emt 00:00:05]} 3. e3
{[%clk 00:55:30]} {[%emt 00:00:04]} Bf5 {[%clk 00:55:16]} {[%emt 00:00:15]} 4.
Bd3 {[%clk 00:55:32]} {[%emt 00:00:08]} Bg6 {[%clk 00:55:04]} {[%emt 00:00:21]}
5. O-O {[%clk 00:55:03]} {[%emt 00:00:40]} e6 {[%clk 00:55:05]} {[%emt
00:00:10]} 6. Qe2 {[%clk 00:54:42]} {[%emt 00:00:31]} Bd6 {[%clk 00:54:56]}
{[%emt 00:00:18]} 7. Nbd2 {[%clk 00:54:41]} {[%emt 00:00:11]} c5 {[%clk
00:54:32]} {[%emt 00:00:34]} 8. c3 {[%clk 00:54:43]} {[%emt 00:00:08]} Nc6
{[%clk 00:54:08]} {[%emt 00:00:35]} 9. dxc5 {[%clk 00:51:54]} {[%emt 00:02:59]}
Bxc5 {[%clk 00:54:08]} {[%emt 00:00:10]} 10. e4 {[%clk 00:51:11]} {[%emt
00:00:54]} O-O {[%clk 00:52:20]} {[%emt 00:01:58]} 11. e5 {[%clk 00:47:17]}
{[%emt 00:04:04]} Bxd3 {[%clk 00:50:57]} {[%emt 00:01:32]} 12. Qxd3 {[%clk
00:46:50]} {[%emt 00:00:37]} Ng4 {[%clk 00:50:47]} {[%emt 00:00:20]} 13. Qe2
{[%clk 00:45:26]} {[%emt 00:01:35]} Qc7 {[%clk 00:50:26]} {[%emt 00:00:30]} 14.
Nb3 {[%clk 00:44:11]} {[%emt 00:01:25]} Bb6 {[%clk 00:50:05]} {[%emt 00:00:31]}
15. Bf4 {[%clk 00:43:51]} {[%emt 00:00:31]} f6 {[%clk 00:48:16]} {[%emt
00:01:59]} 16. Rae1 {[%clk 00:40:57]} {[%emt 00:03:04]} fxe5 {[%clk 00:46:56]}
{[%emt 00:01:30]} 17. Bg3 {[%clk 00:38:13]} {[%emt 00:02:53]} Rf5 {[%clk
00:42:08]} {[%emt 00:04:59]} 18. h3 {[%clk 00:36:29]} {[%emt 00:01:54]} Nf6
{[%clk 00:41:36]} {[%emt 00:00:43]} 19. Nbd2 {[%clk 00:32:23]} {[%emt
00:04:16]} Nh5 {[%clk 00:39:20]} {[%emt 00:02:26]} 20. Bh2 {[%clk 00:31:07]}
{[%emt 00:01:26]} Raf8 {[%clk 00:32:39]} {[%emt 00:06:50]} 21. b4 {[%clk
00:15:51]} {[%emt 00:15:27]} Qf7 {[%clk 00:22:32]} {[%emt 00:10:16]} 22. b5
{[%clk 00:12:48]} {[%emt 00:03:14]} Ne7 {[%clk 00:21:18]} {[%emt 00:01:23]} 23.
Bxe5 {[%clk 00:11:53]} {[%emt 00:01:06]} Ng6 {[%clk 00:20:27]} {[%emt
00:01:00]} 24. Bd4 {[%clk 00:10:19]} {[%emt 00:01:45]} Bxd4 {[%clk 00:13:02]}
{[%emt 00:07:35]} 25. Nxd4 {[%clk 00:07:58]} {[%emt 00:02:32]} Rg5 {[%clk
00:12:10]} {[%emt 00:01:02]} 26. g4 {[%clk 00:04:43]} {[%emt 00:03:24]} e5
{[%clk 00:10:17]} {[%emt 00:02:03]} 27. N4f3 {[%clk 00:04:05]} {[%emt
00:00:48]} Ngf4 {[%clk 00:09:00]} {[%emt 00:01:27]} 28. Qe3 {[%clk 00:03:02]}
{[%emt 00:01:14]} Nxh3+ {[%clk 00:09:05]} {[%emt 00:00:04]} 29. Kh2 {[%clk
00:02:47]} {[%emt 00:00:26]} Rxg4 {[%clk 00:06:26]} {[%emt 00:02:49]} 30. Nxe5
{[%clk 00:01:39]} {[%emt 00:01:18]} Qf4+ {[%clk 00:03:05]} {[%emt 00:03:31]} 31.
Qxf4 {[%clk 00:01:47]} {[%emt 00:00:02]} Rgxf4 {[%clk 00:03:04]} {[%emt
00:00:11]} 32. Kxh3 {[%clk 00:01:43]} {[%emt 00:00:14]} g5 {[%clk 00:02:40]}
{[%emt 00:00:35]} 33. Ndf3 {[%clk 00:00:48]} {[%emt 00:01:04]} g4+ {[%clk
00:02:29]} {[%emt 00:00:21]} 34. Nxg4 {[%clk 00:00:37]} {[%emt 00:00:21]} Rxf3+
{[%clk 00:02:34]} {[%emt 00:00:04]} 35. Kh4 {[%clk 00:00:40]} {[%emt 00:00:07]}
Nf4 {[%clk 00:02:31]} {[%emt 00:00:13]} 36. Rh1 {[%clk 00:00:21]} {[%emt
00:00:29]} Ng6+ {[%clk 00:02:18]} {[%emt 00:00:23]} 37. Kg5 {[%clk 00:00:16]}
{[%emt 00:00:16]} Kg7 {[%clk 00:02:22]} {[%emt 00:00:06]} 38. Nh6 {[%clk
00:00:14]} {[%emt 00:00:11]} Rxf2 {[%clk 00:02:26]} {[%emt 00:00:05]} 39. Reg1
{[%clk 00:00:11]} {[%emt 00:00:14]} R2f4 {[%clk 00:02:11]} {[%emt 00:00:25]} 40.
Rh2 {[%clk 00:00:11]} {[%emt 00:00:09]} Ne5 {[%clk 00:01:37]} {[%emt 00:00:44]}
41. Kh5+ {[%clk 00:00:13]} {[%emt 00:00:08]} Kh8 {[%clk 00:01:20]} {[%emt
00:00:27]} 42. Rhg2 {[%clk 00:00:16]} {[%emt 00:00:07]} Ng6 {[%clk 00:01:07]}
{[%emt 00:00:23]} 43. Rh1 {[%clk 00:00:12]} {[%emt 00:00:14]} Re4 {[%clk
00:01:05]} {[%emt 00:00:12]} 44. Rhh2 {[%clk 00:00:13]} {[%emt 00:00:09]} Nf4+
{[%clk 00:00:42]} {[%emt 00:00:33]} 45. Kg5 {[%clk 00:00:14]} {[%emt 00:00:09]}
Nxg2 {[%clk 00:00:47]} {[%emt 00:00:05]} 46. Rxg2 {[%clk 00:00:22]} {[%emt
00:00:02]} Re6 {[%clk 00:00:53]} {[%emt 00:00:04]} 47. Kh5 {[%clk 00:00:17]}
{[%emt 00:00:15]} Rg6 {[%clk 00:00:39]} {[%emt 00:00:24]} 48. Re2 {[%clk
00:00:16]} {[%emt 00:00:11]} Rg3 {[%clk 00:00:25]} {[%emt 00:00:24]} 49. Re6
{[%clk 00:00:12]} {[%emt 00:00:14]} Rxc3 {[%clk 00:00:26]} {[%emt 00:00:09]} 50.
Re7 {[%clk 00:00:17]} {[%emt 00:00:06]} d4 {[%clk 00:00:25]} {[%emt 00:00:10]}
51. Nf7+ {[%clk 00:00:13]} {[%emt 00:00:14]} Kg7 {[%clk 00:00:30]} {[%emt
00:00:06]} 52. Nd6+ {[%clk 00:00:13]} {[%emt 00:00:10]} Kf6 {[%clk 00:00:23]}
{[%emt 00:00:17]} 53. Rxb7 {[%clk 00:00:18]} {[%emt 00:00:05]} Rc1 {[%clk
00:00:26]} {[%emt 00:00:07]} 54. Rxa7 {[%clk 00:00:15]} {[%emt 00:00:13]} d3
{[%clk 00:00:35]} 55. Ne4+ {[%clk 00:00:20]} {[%emt 00:00:05]} Kf5 {[%clk
00:00:42]} {[%emt 00:00:04]} 56. Ng3+ {[%clk 00:00:18]} {[%emt 00:00:12]} Kf4
{[%clk 00:00:51]} {[%emt 00:00:01]} 57. Ra4+ {[%clk 00:00:21]} {[%emt
00:00:07]} Kxg3 {[%clk 00:00:58]} {[%emt 00:00:02]} 58. Rd4 {[%clk 00:00:24]}
{[%emt 00:00:08]} Rd1 {[%clk 00:00:46]} {[%emt 00:00:22]} 59. b6 {[%clk
00:00:16]} {[%emt 00:00:18]} Rg8 {[%clk 00:00:52]} {[%emt 00:00:03]} 60. Rh4
{[%clk 00:00:13]} {[%emt 00:00:13]} Rb1 {[%clk 00:00:53]} {[%emt 00:00:09]} 61.
a4 {[%clk 00:00:12]} {[%emt 00:00:12]} Rxb6 {[%clk 00:00:52]} {[%emt 00:00:11]}
62. Rd4 {[%clk 00:00:15]} {[%emt 00:00:07]} Rb3 {[%clk 00:00:50]} {[%emt
00:00:12]} 63. a5 {[%emt 00:00:11]} Rg6 {[%clk 00:00:53]} 64. Rd5 {[%clk
00:00:15]} {[%emt 00:00:15]} d2 {[%clk 00:00:59]} {[%emt 00:00:04]} 65. a6
{[%clk 00:00:13]} {[%emt 00:00:13]} d1=Q+ {[%clk 00:01:05]} {[%emt 00:00:04]}
66. Rd3+ {[%emt 00:00:50]} 0-1